书目信息 |
| 题名: |
旷夜的呼喊
|
|
| 作者: | 萧红 , 萧红 著 | |
| 分册: | ||
| 出版信息: | 北京 中国戏剧出版社 2007.04 |
|
| 页数: | 186页 | |
| 开本: | 21cm | |
| 丛书名: | 流失的记忆 | |
| 单 册: | ||
| 中图分类: | I266 | |
| 科图分类: | ||
| 主题词: | 散文--san wen--中国--现代--作品综合集 , 散文--san wen--中国--当代--作品综合集 | |
| 电子资源: | ||
| ISBN: | 7-104-02581-2 | |
| 000 | 01006nam 2200289 450 | |
| 001 | 012007600343 | |
| 005 | 20081217162154.00 | |
| 010 | @a7-104-02581-2@dCNY29.80 | |
| 100 | @a20070617d2007 km y0chiy0120 ea | |
| 101 | 0 | @achi |
| 102 | @aCN@b110000 | |
| 105 | @ay z 000cy | |
| 200 | 1 | @a旷夜的呼喊@Akuang ye de hu han@f萧红著@Fxiao hong zhu |
| 210 | @a北京@c中国戏剧出版社@d2007.04 | |
| 215 | @a186页@d21cm | |
| 225 | 2 | @a流失的记忆@Aliu shi de ji yi@e二十世纪中国著名作家经典小品 |
| 304 | @a责任者取自封面。 | |
| 330 | @a本书主要收录了萧红的作品,包括:夏夜,欧罗巴旅馆,饿,初冬,过夜,他去追求职业,当铺,借等等。 | |
| 410 | 0 | @12001 @a流失的记忆 |
| 517 | 1 | @a20世纪中国名作家经典小品@A20 shi ji zhong guo ming zuo jia jing dian xiao pin |
| 606 | 0 | @a散文@Asan wen@y中国@z现代@j作品综合集 |
| 606 | 0 | @a散文@Asan wen@y中国@z当代@j作品综合集 |
| 690 | @aI266@v4 | |
| 701 | 0 | @a萧红@Axiao hong@4著 |
| 701 | 0 | @a萧红@Axiao hong@4著 |
| 801 | 0 | @aCN@bRULIN@c20081217 |
| 905 | @aZUCC@dI266@eX311 | |
| 旷夜的呼喊/萧红著.-北京:中国戏剧出版社,2007.04 |
| 186页;21cm.-(流失的记忆:二十世纪中国著名作家经典小品) |
| ISBN 7-104-02581-2:CNY29.80 |
| 本书主要收录了萧红的作品,包括:夏夜,欧罗巴旅馆,饿,初冬,过夜,他去追求职业,当铺,借等等。 |
| ● |
| 相关链接 |
|
|
|
正题名:旷夜的呼喊
索取号:I266/X311
 
预约/预借
| 序号 | 登录号 | 条形码 | 馆藏地/架位号 | 状态 | 备注 |